| 000 | 00483nam a2200205Ia 4500 | ||
|---|---|---|---|
| 008 | 240510s9999 xx 000 0 und d | ||
| 020 | _a0008172241755 | ||
| 041 | _aEng | ||
| 082 | _a100 | ||
| 082 | _bK15 | ||
| 100 | _aKAMATH.M.V. | ||
| 245 | 0 | _aPhilosophy of Life and Death | |
| 260 | _bIndia,Jaico Publishing House | ||
| 260 | _c2012 | ||
| 300 | _a335 p. | ||
| 650 | _aPhilosophy | ||
| 942 |
_2ddc _02 |
||
| 942 | _cLBK | ||
| 999 |
_c29185 _d29185 |
||
| 945 |
_a1 _bMadushi Gamage _c1 _dMadushi Gamage |
||